Report, December 16, 1964-January 12, 1965. (Record no. 80106)

MARC details
000 -LEADER
fixed length control field 00731cam a22002171 4500
001 - CONTROL NUMBER
control field sa 68004309
003 - CONTROL NUMBER IDENTIFIER
control field DLC
005 - DATE AND TIME OF LATEST TRANSACTION
control field 20260227112501.0
008 - FIXED-LENGTH DATA ELEMENTS--GENERAL INFORMATION
fixed length control field 711020s1966 ii 00000 eng
010 ## - LIBRARY OF CONGRESS CONTROL NUMBER
LC control number sa 68004309 //r84
025 ## - OVERSEAS ACQUISITION NUMBER
Overseas acquisition number PL480:I-E-8787
043 ## - GEOGRAPHIC AREA CODE
Geographic area code ma-----
050 0# - LIBRARY OF CONGRESS CALL NUMBER
Classification number HC498
Item number .I55
082 ## - DEWEY DECIMAL CLASSIFICATION NUMBER
Classification number 330.95
110 10 - MAIN ENTRY--CORPORATE NAME
Corporate name or jurisdiction name as entry element India (Republic).
Subordinate unit Indian Industrialists Goodwill Delegation to West Asian Countries.
245 00 - TITLE STATEMENT
Title Report, December 16, 1964-January 12, 1965.
260 0# - PUBLICATION, DISTRIBUTION, ETC.
Place of publication, distribution, etc. New Delhi,
Name of publisher, distributor, etc. Directorate of Commercial Publicity, Ministry of Commerce, Govt. of India
Date of publication, distribution, etc. [1966]
300 ## - PHYSICAL DESCRIPTION
Extent 41 p.
Dimensions 24 cm.
651 #0 - SUBJECT ADDED ENTRY--GEOGRAPHIC NAME
Geographic name Arab countries
General subdivision Economic conditions.
650 #0 - SUBJECT ADDED ENTRY--TOPICAL TERM
Topical term or geographic name entry element Investments, East Indian
Geographic subdivision Arab countries.

No items available.

Powered by Koha